World Capitals with no Hints - Statistics

General Stats
  • This quiz has been taken 28 times
  • The average score is 178 of 199
Answer Stats
Capital % Correct
Abu Dhabi
100%
Abuja
100%
Amman
100%
Andorra la Vella
100%
Ankara
100%
Antananarivo
100%
Apia
100%
Asunción
100%
Baghdad
100%
Bamako
100%
Basseterre
100%
Beijing
100%
Beirut
100%
Belgrade
100%
Belmopan
100%
Berlin
100%
Bogotá
100%
Brasilia
100%
Bucharest
100%
Budapest
100%
Cairo
100%
Castries
100%
Copenhagen
100%
Dhaka
100%
Dili
100%
Dodoma
100%
Doha
100%
Kathmandu
100%
Kigali
100%
Kuwait City
100%
Lomé
100%
Manama
100%
Mogadishu
100%
Montevideo
100%
Moroni
100%
Palikir
100%
Paramaribo
100%
Paris
100%
Phnom Penh
100%
Podgorica
100%
Port Louis
100%
Pristina
100%
Pyongyang
100%
Seoul
100%
South Tarawa
100%
Stockholm
100%
Tallinn
100%
Tehran
100%
Tirana
100%
Tripoli
100%
Accra
91%
Addis Ababa
91%
Algiers
91%
Amsterdam
91%
Ashgabat
91%
Asmara
91%
Astana
91%
Athens
91%
Bandar Seri Begawan
91%
Bern
91%
Bishkek
91%
Bissau
91%
Bratislava
91%
Brazzaville
91%
Bridgetown
91%
Buenos Aires
91%
Canberra
91%
Caracas
91%
Conakry
91%
Dakar
91%
Damascus
91%
Dublin
91%
Dushanbe
91%
Guatemala City
91%
Hanoi
91%
Helsinki
91%
Honiara
91%
Jakarta
91%
Kabul
91%
Khartoum
91%
Kinshasa
91%
Kyiv
91%
Lilongwe
91%
Lima
91%
Lisbon
91%
Ljubljana
91%
London
91%
Luxembourg
91%
Madrid
91%
Majuro
91%
Managua
91%
Maputo
91%
Mbabane
91%
Monaco
91%
Monrovia
91%
Moscow
91%
Ngerulmud
91%
Niamey
91%
Nuku‘alofa
91%
Oslo
91%
Ottawa
91%
Panama City
91%
Port-au-Prince
91%
Port Moresby
91%
Port of Spain
91%
Porto-Novo/Cotonou
91%
Port Vila
91%
Praia
91%
Rabat
91%
Riga
91%
Rome
91%
Roseau
91%
Saint George‘s
91%
San José
91%
San Salvador
91%
Santiago
91%
Santo Domingo
91%
Skopje
91%
Sofia
91%
Sri Jayawardenepura Kotte
91%
Suva
91%
Tashkent
91%
Tbilisi
91%
Tegucigalpa
91%
Thimphu
91%
Tokyo
91%
Tunis
91%
Ulaanbaatar
91%
Victoria
91%
Vilnius
91%
Warsaw
91%
Washington, D.C.
91%
Wellington
91%
Yaren
91%
Zagreb
91%
Baku
82%
Bangui
82%
Banjul
82%
Bloemfontein
82%
Brussels
82%
Cape Town
82%
Chisinau
82%
Freetown
82%
Funafuti
82%
Georgetown
82%
Havana
82%
Islamabad
82%
Juba
82%
Kampala
82%
La Paz
82%
Libreville
82%
Luanda
82%
Lusaka
82%
Malabo
82%
Malé
82%
Manila
82%
Maseru
82%
Muscat
82%
Nairobi
82%
New Delhi
82%
Nicosia
82%
Prague
82%
Pretoria
82%
Quito
82%
Reykjavik
82%
Riyadh
82%
Saint John‘s
82%
Sanaa
82%
San Marino
82%
São Tomé
82%
Sarajevo
82%
Singapore
82%
Sucre
82%
Vaduz
82%
Valetta
82%
Vienna
82%
Vientiane
82%
Windhoek
82%
Yamoussoukro
82%
Yaounde
82%
Yerevan
82%
Bangkok
73%
Djibouti
73%
Gaborone
73%
Gitega
73%
Harare
73%
Jerusalem
73%
Kuala Lumpur
73%
Mexico City
73%
Minsk
73%
Nassau
73%
Naypyidaw
73%
Nouakchott
73%
Ouagadougou
73%
Vatican City
73%
Kingston
64%
Kingstown
64%
N‘Djamena
64%
Taipei
64%
No matching quizzes found
Score Distribution
Percent of People with Each Score
Percentile by Number Answered
Your Score History
You have not taken this quiz